Ingeniería mecánica
Guardat en:
| Autor principal: | |
|---|---|
| Format: | Llibre |
| Idioma: | espanyol |
| Publicat: |
Madrid
Dossat
1979
|
| Matèries: | |
| Etiquetes: |
Afegir etiqueta
Sense etiquetes, Sigues el primer a etiquetar aquest registre!
|
MARC
| LEADER | 00000nam a2200000 a 4500 | ||
|---|---|---|---|
| 001 | UCP1451 | ||
| 003 | CL-VaPUC | ||
| 008 | 990409e19790000SP |||||||||||||||||spa|d | ||
| 082 | 0 | 4 | |a 620.1 |b SHA |2 21 |
| 100 | 0 | |a Shames, Irving Herman |e author |9 427510 | |
| 245 | 1 | 0 | |a Ingeniería mecánica |
| 300 | |a 2 v | ||
| 942 | |c BK | ||
| 945 | |d 19990409 00:00:00 |a lriquelm | ||
| 260 | |a Madrid |b Dossat |c 1979 | ||
| 500 | |a v.1: Estática | ||
| 500 | |a v.2: Dinámica | ||
| 650 | 0 | |a Mecánica aplicada |9 260187 | |
| 650 | 0 | |a Estática |9 260452 | |
| 650 | 0 | |a Álgebra vectorial |9 269971 | |
| 650 | 7 | |a MECANICA ESTRUCTURAL |2 CL-VaPUC |9 418459 | |
| 650 | 7 | |a ROZAMIENTOS |2 CL-VaPUC |9 427511 | |
| 650 | 7 | |a PROPIEDADES DE LAS SUPERFICIES |2 CL-VaPUC |9 427512 | |
| 583 | |a last modification |c 19990409 00:00:00 |k Rodrigo Vera | ||
| 999 | |c 280128 |d 280126 | ||